Destacamento de Trabalhadores dumping social e os desafios ̉afirmaȯ̂ do espaȯ social europeu /

Detalles Bibliográficos
Autor principal: Laurino, Salvador Franco de Lima
Formato: eBook
Lenguaje:portugués
Publicado: Sô Paulo : LTR, 2013
Materias:
Acceso en línea:Acceso restringido

MARC

LEADER 00000nam a2200000 a 4500
005 20140314144348.0
007 cr |||||||||||
008 140310s2013 bl |||||s|||||0|| ||por|c
020 |a 9788536127903  
035 |a 11814 
040 |a vLex 
090 |c 4717  |d 4717 
100 1 |a Laurino, Salvador Franco de Lima 
245 1 0 |a Destacamento de Trabalhadores   |h [Recurso electrn̤ico] :  |b dumping social e os desafios ̉afirmaȯ̂ do espaȯ social europeu /  |c Salvador Franco de Lima Laurino 
256 |a Servicio en ln̕ea 
260 |a Sô Paulo :  |b LTR,  |c 2013 
300 |a 1 recurso electrn̤ico 
500 |a Descripcin̤ del recurso: el 10 marzo 2014 
506 1 |a Contenido solo disponible en los productos indicados  |d vLex Global  |d vLex Global (Academic Edition, excluding Law Schools)  |d vLex Global (U.S. Academic Edition, Law Schools)  |d vLex Global (U.S. Academic Edition, excluding Law Schools)  |d vLex Global (Academic Edition, Law Schools) 
650 4 |a Mercado de trabajo  |z Unin̤ Europea, Pas̕es de la 
650 4 |a Derecho de trabajo  |z Unin̤ Europea, Pas̕es de la  
650 4 |a Crisis financera global, 2007-2009 
740 0 |a vLex Libros (Servicio en ln̕ea) 
856 4 0 |z Acceso restringido  |u http://vlex.com/source/destacamento-trabalhadores-dumping-social-desafios-afirma-ao-espa-o-social-europeu-11814 
942 |c BOOK 
999 0 |a  Labor market; Labor supply 
999 0 |a Labor laws and legislation 
999 0 |a Financial crises